Nazwy języków w tym języku - Statystyki

Ogólne statystyki
  • Ten quiz został rozwiązany 195 razy
  • Średni wynik to 16 z 26
Statystyki odpowiedzi
Foreign Polish % Poprawnych
Español Hiszpański
99%
Polski Polski
98%
Deutsch Niemiecki
97%
русский язык Rosyjski
94%
Italiano Włoski
92%
English Angielski
89%
Dansk Duński
88%
Norsk Norweski
88%
Nederlands Niderlandzki
84%
汉语 Chiński
81%
日本語 Japoński
81%
اللغة العربية Arabski
77%
Hrvatski Chorwacki
75%
한국어 Koreański
69%
Svenska Szwedzki
67%
ελληνικά Grecki
62%
Tiếng Việt Wietnamski
62%
Magyar Węgierski
57%
Suomi Fiński
50%
қазақша Kazachski
38%
ქართული ენა Gruziński
23%
Kiswahili Suahili
20%
Gaeilge Irlandzki
14%
Cymraeg Walijski
12%
dorerin Naoero Nauruański
4%
ལྷ་སའི་སྐད Tybetański
2%
Nie znaleziono quizów pasujących do podanych kryteriów
Rozkład punktacji
Procent ludzi z każdym wynikiem
Percentyl według liczby udzielonych odpowiedzi
Twoja historia wyników
Nie rozwiązałeś tego quizu